Chemical engineering problems in biotechnology

Saved in:
Bibliografiske detaljer
Hovedforfatter: Winkler, Michael A (Author)
Format: Bog
Sprog:engelsk
Udgivet: Londres SCI : Elsevier Applied Science 1991
Serier:Critical Reports on Applied Chemistry, 29
Fag:
Tags: Tilføj Tag
Ingen Tags, Vær først til at tagge denne postø!

MARC

LEADER 00000nam a2200000 a 4500
001 UCV6082
003 CL-VaPUC
008 920421e19910000UK |||||||||||||||||eng|d
082 0 4 |a 660.63  |b WIN  |2 21 
100 0 |a Winkler, Michael A  |e author  |9 300321 
245 1 0 |a Chemical engineering problems in biotechnology 
300 |a 370 p 
942 |c BK 
945 |d 19920421 00:00:00 
260 |a Londres  |b SCI : Elsevier Applied Science  |c 1991 
650 0 |a Ingeniería bioquímica   |9 260241 
650 0 |a Biotecnología   |9 259561 
650 0 |a Tecnología química   |9 263002 
583 |a last modification  |c 19920421 00:00:00  |k Rodrigo Vera 
490 0 |a Critical Reports on Applied Chemistry, 29 
999 |c 212326  |d 212324 
952 |0 0  |1 0  |4 0  |6 660_630000000000000_WIN_1991  |7 0  |8 A  |9 193153  |a BIBING  |b BIBING  |d 2019-11-14  |i 2608146  |o 660.63 WIN 1991  |p 2608146  |r 2025-01-20  |w 2019-11-14  |y BK  |k EIB